<?xml version="1.0" encoding="UTF-8"?>
<record
    xmlns:xsi="http://www.w3.org/2001/XMLSchema-instance"
    xsi:schemaLocation="http://www.loc.gov/MARC21/slim http://www.loc.gov/standards/marcxml/schema/MARC21slim.xsd"
    xmlns="http://www.loc.gov/MARC21/slim">

  <leader>00952cam a22002651  4500</leader>
  <controlfield tag="001">sa 67003716 </controlfield>
  <controlfield tag="003">DLC</controlfield>
  <controlfield tag="005">20260227112340.0</controlfield>
  <controlfield tag="008">881102m19591999ii       b    000 0 hino </controlfield>
  <datafield tag="010" ind1=" " ind2=" ">
    <subfield code="a">sa 67003716 </subfield>
  </datafield>
  <datafield tag="035" ind1=" " ind2=" ">
    <subfield code="a">(OCoLC)23541636</subfield>
  </datafield>
  <datafield tag="040" ind1=" " ind2=" ">
    <subfield code="a">DLC</subfield>
    <subfield code="c">MiU</subfield>
    <subfield code="d">NRU</subfield>
    <subfield code="d">DLC</subfield>
  </datafield>
  <datafield tag="042" ind1=" " ind2=" ">
    <subfield code="a">premarc</subfield>
  </datafield>
  <datafield tag="050" ind1="0" ind2="0">
    <subfield code="a">PK2031</subfield>
    <subfield code="b">.V28</subfield>
  </datafield>
  <datafield tag="100" ind1="1" ind2=" ">
    <subfield code="a">Varm&#x101;, Dh&#x12B;rendra,</subfield>
    <subfield code="d">1897-1973.</subfield>
    <subfield code="e">ed.</subfield>
  </datafield>
  <datafield tag="245" ind1="1" ind2="0">
    <subfield code="a">Hind&#x12B; s&#x101;hitya.</subfield>
    <subfield code="c">Sampd&#x304;aka Dh&#x12B;rendra Varm&#x101; (pradh&#x101;na) [tath&#x101;] Vrje&#x15B;vara Varm&#x101; (sahak&#x101;r&#x12B;).</subfield>
  </datafield>
  <datafield tag="250" ind1=" " ind2=" ">
    <subfield code="a">[1. sa&#x1E43;skara&#x1E47;a]</subfield>
  </datafield>
  <datafield tag="260" ind1=" " ind2=" ">
    <subfield code="a">Pray&#x101;ga,</subfield>
    <subfield code="b">Bh&#x101;rat&#x12B;ya Hind&#x12B; Parishad</subfield>
    <subfield code="c">[1959- ;</subfield>
    <subfield code="b">v.</subfield>
    <subfield code="c">1, 1962]</subfield>
  </datafield>
  <datafield tag="300" ind1=" " ind2=" ">
    <subfield code="a">v.</subfield>
    <subfield code="b">illus., geneal. tables, plates.</subfield>
    <subfield code="c">25 cm.</subfield>
  </datafield>
  <datafield tag="500" ind1=" " ind2=" ">
    <subfield code="a">In Hindi.</subfield>
  </datafield>
  <datafield tag="504" ind1=" " ind2=" ">
    <subfield code="a">Bibliographical footnotes.</subfield>
  </datafield>
  <datafield tag="505" ind1="1" ind2=" ">
    <subfield code="a">1. Bh&#x16B;mik&#x101;. -- 2. Pr&#x101;ra&#x1E43;bha se san 1850 &#x112;. taka. -- 3. San 1850 &#x112;. ke b&#x101;da.</subfield>
  </datafield>
  <datafield tag="650" ind1=" " ind2="0">
    <subfield code="a">Hindi literature</subfield>
    <subfield code="x">History and criticism.</subfield>
  </datafield>
  <datafield tag="700" ind1="1" ind2=" ">
    <subfield code="a">Varm&#x101;, Vraje&#x15B;vara,</subfield>
    <subfield code="d">1913-</subfield>
    <subfield code="e">joint ed.</subfield>
  </datafield>
  <datafield tag="999" ind1=" " ind2=" ">
    <subfield code="c">74008</subfield>
    <subfield code="d">74008</subfield>
  </datafield>
</record>
